| 000 | 00798cam a2200289 a 4500 | ||
|---|---|---|---|
| 999 |
_c7570 _d7570 |
||
| 001 | 7570 | ||
| 003 | BD-JhCC | ||
| 005 | 20181006180858.0 | ||
| 008 | 830720s1984 cau 001 0 eng | ||
| 020 | _a0155314750 (pbk.) | ||
| 035 | _a(BD-JhCC)7570 | ||
| 040 |
_aDLC _cDLC _dDLC _dBD-JhCC |
||
| 041 | _aeng | ||
| 050 | 0 | 0 |
_aPE1122 _b.H35 1984 |
| 082 | 0 | 0 |
_a808/.0427 _219 _bSCH 1964 |
| 100 | _aSchorer, Mark, | ||
| 245 | 0 | 0 |
_aHarbrace college reader / _cMark Schorer, Philip Durham and Everett L. Jones |
| 250 | _a4th ed. | ||
| 260 |
_aSan Diego : _bHarcourt Brace Jovanovich, _cc1984. |
||
| 300 |
_axii, 526 p. ; _c23 cm. |
||
| 500 | _aIncludes indexes. | ||
| 650 | 0 | _aCollege readers. | |
| 700 | _aDurham, Philip | ||
| 700 | _aJones, Everett L. | ||
| 942 |
_2ddc _cBK |
||